000 00663nam a2200181 i 4500
001 46960
003 ES-MaACL
007 t|
008 030402s1952 sp ||||1| spa d
100 1 _aContactor.
_940257
245 1 0 _aAscensores y montacargas eléctricos
_b: tratado práctico /
_cpor Contactor (seud.) ; publicado bajo la dirección de E. Molloy ; traducción del inglés por Juan Guarro Guardiola.
250 _a1ª ed.
260 _aBarcelona :
_bDalmau y Jover,
_c[1952] (
_fQuintilla y Cardona)
300 _a208 p. :
_bil. ;
_c23 cm.
700 1 _aMolloy, E.
_982058
700 1 _aGuarro Guardiola, Juan.
_960351
852 _aES-MaACL
_jC-5800
_bR.34282
999 _c46960
_d46960